|
|
|
|
| LEADER |
01512nam a2200289 a 4500 |
| 001 |
2238377 |
| 008 |
091010s1975 caua b 100 0 eng d |
| 010 |
|
|
|a 76361281
|
| 020 |
|
|
|a 0883901129
|
| 040 |
|
|
|a DLC
|c DLC
|d DLC
|
| 082 |
0 |
0 |
|a 301.18/32
|2 16
|
| 240 |
0 |
0 |
|a Theory and method in organization development
|
| 245 |
0 |
0 |
|a New technologies in organization development, :
|b originally entitled Theory and method in organization development : an evolutionary process /
|c edited by John D. Adams.
|
| 260 |
|
|
|a La Jolla, Calif. :
|b University Associates,
|c 1975
|
| 300 |
|
|
|a viii, 391 p. :
|b ill. ;
|c 21 cm.
|
| 500 |
|
|
|a The outcome of the New Technologies in Organization Development Conference, held in Washington, D.C., Nov. 30 and Dec. 1, 1972, and sponsored by the NTL Institute for Applied Behavioral Science.
|
| 500 |
|
|
|a Companion volume to Contemporary organization development, edited by W. W. Burke.
|
| 504 |
|
|
|a Includes bibliographies (p. 361-363)
|
| 541 |
1 |
|
|e 00005218
|
| 650 |
|
0 |
|a Organizational change
|x Congresses.
|
| 650 |
|
0 |
|a Organization
|x Congresses.
|
| 700 |
1 |
|
|a Adams, John D.,
|d 1942-
|
| 711 |
2 |
|
|a New Technologies in Organization Development Conference,
|c Washington, D.C.,
|d 1972.
|
| 710 |
2 |
|
|a NTL Institute for Applied Behavioral Science.
|
| 852 |
4 |
|
|a Ayesha Abed Library
|j General shelf
|
| 999 |
|
|
|c 4657
|d 4657
|
| 952 |
|
|
|0 0
|1 0
|2 ddc
|4 0
|6 301_183200000000000_NEW_1975
|7 0
|9 4441
|a BRACUL
|b BRACUL
|c GEN
|d 2009-10-18
|g 752.00
|l 0
|o 301.1832 NEW
|p 3010005218
|r 2009-10-18
|t 1
|v 1504.00
|w 2009-10-18
|y BK
|